[Event "It"]
[Site "Sisak CRO"]
[Date "2008.11.30"]
[Round "3"]
[White "Franic,M"]
[Black "Brigljevic,M"]
[Result "1-0"]
[WhiteElo "2393"]
[BlackElo "2296"]

1.d4 Nf6 2.c4 g6 3.Nc3 Bg7 4.e4 d6 5.Nf3 O-O 6.Be2 e5 7.O-O Nbd7 8.Qc2 c6
9.Rd1 Qe7 10.d5 c5 11.Bg5 h6 12.Bd2 Ne8 13.g3 Ndf6 14.Qc1 Kh7 15.Nh4 Ng8
16.f3 h5 17.Rb1 Bh6 18.Bd3 Bxd2 19.Qxd2 Nh6 20.Re1 Ng7 21.b4 cxb4 22.Rxb4 f5
23.exf5 Ngxf5 24.Bxf5 Nxf5 25.Nxf5 Bxf5 26.Qe3 b6 27.Nd1 Rae8 28.Kg2 e4 29.f4 Bg4
30.h4 Qd7 31.Nf2 Bf5 32.Qd4 Qg7 33.Qxg7+ Kxg7 34.Nd1 Rc8 35.Ra4 a5 36.Ne3 Bd7
37.Ra3 a4 38.Rb1 Rb8 39.Rc3 Rfc8 40.Rc2 Rc7 41.Rcb2 Rcb7 42.Kf2 b5 43.Rb4 Kf6
44.Ke2 Ke7 45.Kd2 Kd8 46.Kc3 Kc8 47.Kd4 bxc4 48.Rxb7 Rxb7 49.Rxb7 Kxb7 50.Nxc4 Kc7
51.Kxe4 Bf5+ 52.Kd4 Bb1 53.a3 Ba2 54.Ne3 Kd7 55.f5 gxf5 56.Nxf5 Bb1 57.Ne3 Ke7
58.g4 hxg4 59.Nxg4 Bf5 60.Ne3 Bg6 61.Nc4 Be8 62.Nb6 Kd8 63.Nc4 Ke7 64.Nd2 Bh5
65.Ne4 Bg6 66.Nc3 Be8 67.Ke4 Kf6 68.Kf4 Kg6 69.Ne4 Bf7 70.Nc3 Be8 71.Nd1 Bd7
72.Nf2 Kh5 73.Kg3 Bf5 74.Nh3 Kg6 75.Ng5 Kh5 76.Ne6 Kg6 77.Kf4 Kf6 78.Nc7 Bg6
79.Nb5 Bf7 80.Ke4 Bg6+ 81.Kd4 Ke7 82.Kc4 Bh5 83.Nc3 Be8 84.Nb5 Bf7 85.Nc3 Be8
86.Kb4 Kf6 87.Nxa4 Ke7 88.Nb6  1-0

[Event "TCh-HUN 2008-9"]
[Site "Zalaegerszeg HUN"]
[Date "2008.11.30"]
[Round "3"]
[White "Csiszar,C"]
[Black "Kerek,C"]
[Result "0-1"]
[WhiteElo "2437"]
[BlackElo "2293"]

1.d4 Nf6 2.c4 g6 3.Nc3 Bg7 4.e4 d6 5.Be2 O-O 6.Nf3 e5 7.O-O Na6 8.Re1 c6
9.Rb1 exd4 10.Nxd4 Re8 11.f3 Nc7 12.Bf1 Ne6 13.Nc2 a5 14.Be3 Nh5 15.Qd2 f5
16.exf5 gxf5 17.Nd4 Nc5 18.Bg5 Qd7 19.Bh6 Bf6 20.Nxf5 Rxe1 21.Qxe1 Be5 22.Ne3 Qf7
23.Qh4 Be6 24.Ne4 Qg6 25.Nxc5 dxc5 26.Qg5 Bd4 27.Qxg6+ hxg6 28.g4 Nf6 29.Kg2 Re8
30.Nc2 Bf7 31.Bd3 Nd7 32.b3 Ne5 33.Bf1 b5 34.Na3 b4 35.Nc2 Bc3 36.Rd1 a4
37.Bg5 Kg7 38.Rd8 Rxd8 39.Bxd8 a3 40.Be7 Nd7 41.f4 Be6 42.Kf3 Kf7 43.Bd6 Kf6
44.h4 Bf7 45.Bd3 Ke6 46.Bc7 Bf6 47.Kg3 Ke7 48.g5 Bb2 49.Ne3 Bd4 50.Kf3 Nf8
51.Nc2 Bb2 52.Kg4 Kd7 53.Bb6 Kd6 54.Ba5 Be6+ 55.f5 Nd7 56.fxe6 Ne5+ 57.Kg3 Nxd3
58.Bb6 Kxe6 59.h5 gxh5 60.Kh4 Kf5 61.Kxh5 Bc1 62.Bd8 Nf4+ 63.Kh6 Ne6 64.Kh7 Nxd8
65.g6 Ne6 66.g7 Nxg7 67.Kxg7 Ke4 68.Ne1 Bd2 69.Ng2 Kd3  0-1

[Event "12th It"]
[Site "Zenica BIH"]
[Date "2008.12.02"]
[Round "5"]
[White "Urosevic,A"]
[Black "Martinovic,Sl"]
[Result "0-1"]
[WhiteElo "2194"]
[BlackElo "2480"]

1.d4 Nf6 2.c4 g6 3.Nc3 Bg7 4.e4 d6 5.Nf3 O-O 6.Be2 e5 7.O-O Nbd7 8.d5 Nc5
9.Qc2 a5 10.Be3 Ng4 11.Bxc5 dxc5 12.Ne1 Nf6 13.Nd3 Qe7 14.Rab1 Bd7 15.b3 b6
16.a3 c6 17.b4 cxd5 18.Nxd5 Nxd5 19.cxd5 cxb4 20.axb4 Rfc8 21.Qd2 Be8 22.Rfc1 Rxc1+
23.Qxc1 Bf8 24.Qc3 f6 25.h3 a4 26.Bg4 Bb5 27.Be6+ Kh8 28.Nc1 Ra7 29.Qc8 Kg7
30.Na2 Rc7 31.Qb8 Qd6 32.Qa8 Rc2 33.Rc1 Rxc1+ 34.Nxc1 Qxb4 35.Qb7+ Kh6 36.Qxb6 Bc5  0-1

[Event "Open"]
[Site "Figueira da Foz POR"]
[Date "2008.12.04"]
[Round "6"]
[White "Nebolsina,V"]
[Black "Ribeiro,Fe"]
[Result "0-1"]
[WhiteElo "2340"]
[BlackElo "2266"]

1.d4 d6 2.Nf3 g6 3.c4 Bg7 4.Nc3 Nf6 5.e4 O-O 6.Be2 e5 7.O-O Na6 8.Be3 Qe8
9.dxe5 dxe5 10.Rb1 Ng4 11.Bd2 f5 12.b4 c6 13.c5 Kh8 14.Bc1 Qe7 15.Qd6 Qxd6
16.cxd6 Be6 17.b5 Nc5 18.Ba3 Nd7 19.bxc6 bxc6 20.Nd2 Ngf6 21.Bc4 Bg8 22.Rb7 Bh6
23.Bxg8 Bxd2 24.Nb1 Kxg8 25.Nxd2 Rfb8 26.Rc7 Rb6 27.Nc4 Ra6 28.exf5 gxf5
29.Rb1 c5 30.Rb3 Rd8 31.f4 exf4 32.Bb2 Ne8 33.Rbb7 Nxc7 34.dxc7 Rc8 35.Ne5 Rb6
36.Rxa7 Rxb2 37.Nxd7 c4 38.Ne5 c3 39.Nd3 c2  0-1

[Event "1st Copa PDV Sur"]
[Site "Buenos Aires ARG"]
[Date "2008.12.06"]
[Round "6"]
[White "Mareco,S"]
[Black "Cori,J"]
[Result "1-0"]
[WhiteElo "2481"]
[BlackElo "2380"]

1.d4 Nf6 2.c4 g6 3.Nc3 Bg7 4.e4 d6 5.Nf3 O-O 6.Be2 e5 7.Be3 Nc6 8.d5 Ne7
9.Nd2 c5 10.g4 Ne8 11.Qc2 f5 12.f3 f4 13.Bf2 Rb8 14.a3 h5 15.b4 b6 16.Rb1 Bd7
17.Qb2 Nc7 18.g5 a5 19.bxa5 bxa5 20.Qc2 Rxb1+ 21.Qxb1 Qb8 22.Qc2 Qa7 23.h4 Rb8
24.O-O Nc8 25.Nb3 Kf7 26.Rb1 Ke8 27.Be1 a4 28.Nd2 Rxb1 29.Ndxb1 Bf8 30.Na2 Nb6
31.Nc1 Qa6 32.Nd2 Kf7 33.Nd3 Bg7 34.Nb2 Ke8 35.Nb1 Bf8 36.Nc3 Bg7 37.Na2 Kf7
38.Nc1 Ke7 39.Ncd3 Kd8 40.Qc3 Ne8 41.Bd1 Kc7 42.Bf2 Bf8 43.Be2 Nc8 44.Qc2 Qa5
45.Be1 Qa7 46.Nc1 Nb6 47.Na2 Kd8 48.Nc3 Qa6 49.Bd1 Nxc4 50.Qe2 Bb5 51.Nxb5 Nxb2
52.Qxb2 Qb6 53.Bc3 c4+ 54.Kg2  1-0

[Event "TCh-SLO"]
[Site "Murska Sobota SLO"]
[Date "2008.12.07"]
[Round "2"]
[White "Kastelic,M"]
[Black "Tratar,M"]
[Result "0-1"]
[WhiteElo "2270"]
[BlackElo "2507"]

1.d4 d6 2.Nf3 Nf6 3.c4 g6 4.Nc3 Bg7 5.e4 O-O 6.Be2 Nbd7 7.O-O e5 8.d5 Nc5
9.Qc2 a5 10.Ne1 Bd7 11.Be3 b6 12.Bxc5 dxc5 13.Nd3 Ne8 14.a4 Nd6 15.b3 Qe7
16.Rae1 Rae8 17.Bd1 Qg5 18.f3 f5 19.Kh1 Bh6 20.Nxe5 Rxe5 21.f4 Qxf4 22.Rxf4 Bxf4
23.g3 Bh6 24.Kg2 Rfe8 25.Bf3 fxe4 26.Bxe4 Bg7 27.Re2 Nxe4 28.Rxe4 Rxe4 29.Nxe4 Bf5
30.Qd2 Bc8 31.Qc2 Bf5 32.Qd2 Bxe4+ 33.Kh3 Be5 34.Qg5 Bd6 35.Qf6 Bf5+ 36.Kg2 Rf8
37.Qc3 Be4+ 38.Kh3 Rf2 39.Qe3 Bf5+ 40.Kh4 Rxh2+ 41.Kg5 Kf7 42.g4 h6+  0-1

[Event "III Open"]
[Site "Palma de Mallorca ESP"]
[Date "2008.12.08"]
[Round "3"]
[White "Alberto,M ANG"]
[Black "Aloma Vidal,R"]
[Result "1-0"]
[WhiteElo "2112"]
[BlackElo "2399"]

1.d4 Nf6 2.c4 g6 3.Nc3 Bg7 4.e4 d6 5.Nf3 O-O 6.Be2 e5 7.d5 a5 8.O-O Na6 9.Bg5 h6
10.Bh4 Qe8 11.Nd2 Nh7 12.b3 h5 13.f3 Bh6 14.Kh1 Be3 15.a3 Bd7 16.Rb1 Nc5
17.Qc2 f5 18.b4 axb4 19.axb4 Na4 20.Nb5 Qb8 21.Ra1 c6 22.Nc3 Nxc3 23.Rxa8 Qxa8
24.Qxc3 Bd4 25.Qb3 g5 26.dxc6 bxc6 27.Be1 Nf6 28.exf5 Bxf5 29.Bd3 Be6 30.Bc2 Qb7
31.Qd3 Qf7 32.Bf2 Bxf2 33.Rxf2 Qe7 34.Qe3 Qg7 35.Rf1 Ra8 36.Rd1 Bf7 37.Qb6 Be8
38.Ne4 Ra2 39.Qd8 Rxc2 40.Nxf6+ Kf7 41.Nxe8  1-0

[Event "III Open"]
[Site "Palma de Mallorca ESP"]
[Date "2008.12.08"]
[Round "3"]
[White "Sundararajan,K"]
[Black "Sanchez Guirado,F"]
[Result "1/2-1/2"]
[WhiteElo "2501"]
[BlackElo "2415"]

1.d4 g6 2.Nf3 Bg7 3.c4 d6 4.Nc3 Nf6 5.e4 O-O 6.Be2 e5 7.Be3 c6 8.d5 Ng4 9.Bg5 f6
10.Bh4 h5 11.Nd2 Nh6 12.f3 Nf7 13.b4 Na6 14.dxc6 bxc6 15.b5 cxb5 16.cxb5 Nc7
17.O-O Be6 18.Nc4 a6 19.a4 axb5 20.axb5 d5 21.exd5 Nxd5 22.Rxa8 Qxa8 23.Nxd5 Qxd5
24.Qxd5 Bxd5 25.Rd1 Be6 26.b6 Rb8 27.Bf2 Bf8 28.Na5 Nd6 29.Nc6 Rc8 30.Na5 Rb8
31.Bc5 Nc4 32.Bxf8 Nxa5 33.Be7 Rxb6 34.Bxf6 Bc4 35.Bxc4+ Nxc4 36.Bg5 Kf7
37.Rd7+ Ke6 38.Re7+ Kd5 39.h4 Re6 40.Rxe6  1/2-1/2

[Event "III Open"]
[Site "Palma de Mallorca ESP"]
[Date "2008.12.08"]
[Round "3"]
[White "Maruejols,C"]
[Black "Rybenko,K"]
[Result "0-1"]
[WhiteElo "2005"]
[BlackElo "2243"]

1.d4 Nf6 2.c4 g6 3.Nc3 Bg7 4.e4 d6 5.Be2 O-O 6.Nf3 e5 7.O-O exd4 8.Nxd4 Re8
9.f3 Nc6 10.Be3 Nh5 11.Qd2 Nf4 12.Rfd1 a5 13.b3 f5 14.Bf1 Ne6 15.Nxe6 Bxe6
16.exf5 Bxf5 17.Rac1 Qe7 18.Nd5 Qf7 19.c5 Be6 20.Nf4 d5 21.Nxe6 Rxe6 22.Bf2 Ne7
23.Re1 Rxe1 24.Rxe1 c6 25.a4 Nf5 26.g4 Bh6 27.Qc3 Ng7 28.Bg3 Ne6 29.Qe5 Re8
30.Qc3 Ng7 31.Be5 d4 32.Qxd4 Qxf3 33.h3 Ne6  0-1

[Event "VII Pereyra Puebla Mem"]
[Site "Mendoza ARG"]
[Date "2008.12.09"]
[Round "6"]
[White "Salguero,F"]
[Black "Zuriel,M"]
[Result "1-0"]
[WhiteElo "2336"]
[BlackElo "2189"]

1.Nf3 Nf6 2.d4 g6 3.c4 Bg7 4.Nc3 O-O 5.e4 d6 6.Be2 e5 7.d5 a5 8.Bg5 h6 9.Bh4 Na6
10.Nd2 Qe8 11.a3 Bd7 12.b3 Nh7 13.Rb1 f5 14.f3 Nc5 15.Qc2 g5 16.Bf2 b6 17.b4 axb4
18.axb4 Na4 19.Nb5 c6 20.dxc6 Bxc6 21.Nxd6 Qe7 22.Nxf5 Rxf5 23.exf5 e4 24.Nxe4 Nf6
25.Nxf6+ Bxf6 26.O-O Nc3 27.Bd3 Ba4 28.Rb3 Rd8 29.Be4 Nxe4 30.fxe4 Bxb3 31.Qxb3 Qxe4
32.c5+ Kg7 33.Qe6 Qxb4 34.Qxb6 Qg4 35.Qb7+ Kg8 36.Qb3+ Kg7 37.c6 Qxf5 38.Bb6 Qd3
39.Qxd3 Rxd3 40.Rc1 Be5 41.c7 Bxc7 42.Rxc7+ Kg6 43.Rc6+ Kg7 44.Kf1 Rd2 45.Be3 Ra2
46.Bd4+ Kh7 47.Rb6 Rd2 48.Be3 Ra2 49.h3 Rc2 50.Rd6 Ra2 51.h4 Ra5 52.Kf2 Rf5+
53.Ke2 Ra5 54.g4 Rb5 55.Kf3 Re5 56.Rd7+ Kg8 57.Bd4 Rb5 58.h5  1-0

[Event "TCh-SLO"]
[Site "Murska Sobota SLO"]
[Date "2008.12.10"]
[Round "5"]
[White "Kovacevic,Bl"]
[Black "Kozul,Z"]
[Result "0-1"]
[WhiteElo "2472"]
[BlackElo "2593"]

1.Nf3 Nf6 2.c4 g6 3.Nc3 Bg7 4.e4 d6 5.d4 O-O 6.Be2 e5 7.O-O Nbd7 8.Qc2 c6
9.d5 c5 10.g3 Ne8 11.Nh4 Bf6 12.Ng2 Ng7 13.Bd2 Bg5 14.f4 exf4 15.gxf4 Bh6
16.Bd3 f5 17.Rae1 fxe4 18.Nxe4 Nf6 19.Ng5 Bxg5 20.fxg5 Nfh5 21.Rxf8+ Qxf8
22.Rf1 Qe7 23.Re1 Qd8 24.Qb3 Bf5 25.Bxf5 Nxf5 26.Qxb7 Rb8 27.Qxa7 Rxb2 28.Bc3 Rb8
29.Bf6 Qc8 30.Qa4 h6 31.Qd1 Qf8 32.Bc3 hxg5 33.Qg4 Qh6 34.Qe4 Nhg7 35.Qg4 Ra8
36.Re2 Ra3 37.Bf6 Qh5 38.Qxh5 Nxh5 39.Bxg5 Nd4 40.Re8+ Kf7 41.Re7+ Kf8 42.Re3 Rxa2
43.Be7+ Kf7 44.Bxd6 Nf5 45.Rf3 Ra1+ 46.Kf2 Nf6 47.Bg3 Ne4+ 48.Ke2 Ra2+ 49.Kd3 Nxg3
50.hxg3 Rxg2  0-1

[Event "FSGM December"]
[Site "Budapest HUN"]
[Date "2008.12.12"]
[Round "7"]
[White "Skomorokhin,R"]
[Black "Ilincic,Z"]
[Result "1/2-1/2"]
[WhiteElo "2400"]
[BlackElo "2542"]

1.d4 Nf6 2.c4 g6 3.Nc3 Bg7 4.Nf3 O-O 5.e4 d6 6.Be2 e5 7.O-O Nh5 8.g3 Bh3
9.Re1 exd4 10.Nxd4 Nf6 11.Bg5 h6 12.Be3 Nbd7 13.f3 c6 14.Qd2 h5 15.Nd1 Ne5
16.Nf2 Bd7 17.Rad1 d5 18.cxd5 cxd5 19.f4 Neg4 20.e5 Nxf2 21.Bxf2 Ne4 22.Qe3 Qb6
23.Bf3 Qxb2 24.Bxe4 dxe4 25.Rb1 Qxa2 26.Rxb7 Qd5 27.Qxe4 Qxe4 28.Rxe4 Bg4
29.e6 Bxd4 30.Bxd4 Bf3 31.Rxf7 Rxf7 32.exf7+ Kxf7 33.Re3 Bg4 34.Rb3 Ke6 35.Kf2 Kd5
36.Ke3 a5 37.Rb5+ Kc4 38.Rc5+ Kb4 39.Rc6 Bf5 40.Rb6+ Kc4 41.Rc6+ Kb3 42.Rb6+ Kc2
43.Rc6+ Kd1 44.h3 Re8+ 45.Be5 Rd8 46.Bd4 a4 47.g4 hxg4 48.hxg4 Bc2 49.Ra6 Rd5
50.Ra7 Rb5 51.Bc3 Kc1 52.Ra5 Rxa5 53.Bxa5 a3 54.f5 gxf5 55.gxf5 Bxf5 56.Bc3 a2  1/2-1/2

[Event "XVIII Magistral"]
[Site "Elgoibar ESP"]
[Date "2008.12.12"]
[Round "1"]
[White "Pena Gomez,M"]
[Black "Paunovic,D"]
[Result "0-1"]
[WhiteElo "2467"]
[BlackElo "2532"]

1.c4 Nf6 2.Nc3 g6 3.e4 d6 4.d4 Bg7 5.Nf3 O-O 6.Be2 e5 7.O-O c6 8.dxe5 dxe5
9.Qxd8 Rxd8 10.Nxe5 Nxe4 11.Nxe4 Bxe5 12.Bg5 Re8 13.Rad1 Bf5 14.Nc5 Na6 15.Nxa6 bxa6
16.Bf3 Rac8 17.b3 Bc3 18.Be3 Be4 19.Rd7 Bxf3 20.gxf3 a5 21.Rc1 Bb4 22.Rxa7 Rxe3
23.fxe3 Bc5 24.Rxa5 Bxe3+ 25.Kf1 Bxc1 26.b4 Bf4 27.h3 Rd8 28.b5 Rd1+ 29.Ke2 Rd2+
30.Kf1 Rc2 31.Ra4 c5 32.b6 Kg7 33.Ra8 Rxc4 34.a4 Rb4 35.a5 Rb5 36.Ke2 c4
37.Kd1 c3 38.Kc2 Be5 39.f4 Bxf4 40.Kxc3 Be3 41.Kc4 Rb1 42.Rb8 h5 43.Kd5 Rb5+
44.Ke4 Bg1 45.Ra8 Bxb6  0-1

[Event "TCh-ISR 2008-9"]
[Site "Israel ISR"]
[Date "2008.12.12"]
[Round "1"]
[White "Porat,Ma"]
[Black "Tseitlin,Ma"]
[Result "0-1"]
[WhiteElo "2167"]
[BlackElo "2437"]

1.d4 Nf6 2.c4 g6 3.Nc3 Bg7 4.e4 d6 5.Nf3 O-O 6.Be2 e5 7.O-O Nbd7 8.Re1 Ng4
9.Bg5 f6 10.Bh4 Nh6 11.dxe5 dxe5 12.Qd5+ Nf7 13.c5 c6 14.Qc4 Qe7 15.b4 Re8
16.Red1 Nf8 17.Qb3 Ne6 18.Bc4 h5 19.h3 g5 20.Bg3 Bf8 21.Rd2 b6 22.Nd5 cxd5
23.exd5 bxc5 24.dxe6 Bxe6 25.bxc5 h4 26.Bxh4 Bxc4 27.Qxc4 e4 28.Nd4 gxh4
29.Nb5 Qxc5 30.Qxc5 Bxc5 31.Nc7 e3 32.Rc2 exf2+ 33.Kf1 Re1+ 34.Rxe1 fxe1=Q+
35.Kxe1 Bb4+ 36.Ke2 Rc8 37.Rc4 Bd6 38.Rg4+ Ng5  0-1

[Event "III Open"]
[Site "Palma de Mallorca ESP"]
[Date "2008.12.12"]
[Round "7"]
[White "Planas Gene,J"]
[Black "Henrichs,W"]
[Result "1/2-1/2"]
[WhiteElo "2184"]
[BlackElo "2064"]

1.d4 Nf6 2.c4 g6 3.Nc3 Bg7 4.e4 d6 5.Nf3 O-O 6.Be2 Na6 7.O-O e5 8.d5 Nc5
9.Nd2 a5 10.Qc2 Ne8 11.Nb3 f5 12.Nxc5 dxc5 13.Be3 b6 14.f3 Nd6 15.a3 f4 16.Bf2 g5
17.b4 axb4 18.axb4 Rxa1 19.Rxa1 cxb4 20.Na2 h5 21.Nxb4 g4 22.c5 bxc5 23.Qxc5 Rf7
24.Ra8 Bf8 25.Qc3 Qg5 26.Bc5 gxf3 27.Bxf3 Bg4 28.Nc6 Rg7 29.Nxe5 Bxf3 30.Rxf8+ Kxf8
31.Bxd6+ Kg8 32.Qxf3 cxd6 33.Nc6 Qh4 34.Qc3 Qg4 35.Qc2 f3 36.Nd4 fxg2 37.Nf5 Qf4
38.Qd1 Rg4 39.h3 Rg5 40.Qb1 Rxf5 41.exf5 Qf3 42.Qb8+ Kh7 43.Qc7+ Kh8 44.Qd8+ Kh7
45.Qe7+ Kh8 46.Qf6+ Kh7  1/2-1/2

[Event "TCh-NED 2008-9"]
[Site "Netherlands NED"]
[Date "2008.12.13"]
[Round "4"]
[White "Lanchava,T"]
[Black "Van der Heijden,C"]
[Result "1-0"]
[WhiteElo "2358"]
[BlackElo "2116"]

1.d4 Nf6 2.Nf3 g6 3.c4 Bg7 4.Nc3 O-O 5.e4 d6 6.Be2 e5 7.d5 a5 8.h4 h5 9.Ng5 Na6
10.f3 c6 11.Be3 cxd5 12.Nxd5 Nxd5 13.Qxd5 Nc7 14.Qd2 Bh6 15.Rd1 f6 16.c5 fxg5
17.hxg5 Bg7 18.cxd6 Ne6 19.d7 Nd4 20.Bc4+ Kh7 21.Bxd4 exd4 22.dxc8=Q Rxc8
23.b3 Be5 24.Kf2 b5 25.Bxb5 Qb6 26.Bd3 Bf4 27.Qe2 Be3+ 28.Kf1 Qd8 29.g3 Qxg5
30.Kg2 Rf4 31.Rdf1 h4 32.Rh3 Kg7 33.Rfh1 Rxf3 34.Qxf3 Rf8 35.Qxf8+ Kxf8 36.Rf1+ Ke7
37.Rxh4 Bc1 38.Kh3 Qe3 39.Rh7+ Kd6 40.e5+ Kc6 41.Rf6+ Kc5 42.Bxg6 Qg1 43.e6 Qh1+
44.Kg4 Qd1+ 45.Rf3 Bg5 46.Rh5 Kd6 47.Rxg5 Kxe6 48.Rxa5 Qe2 49.Bd3 Qd1 50.Ra6+ Ke5
51.Bc4 d3 52.Re6+ Kd4 53.Rd6+  1-0

[Event "TCh-NED 2008-9"]
[Site "Netherlands NED"]
[Date "2008.12.13"]
[Round "4"]
[White "Wantola,I"]
[Black "Delemarre,J"]
[Result "1/2-1/2"]
[WhiteElo "2277"]
[BlackElo "2467"]

1.Nf3 Nf6 2.c4 g6 3.Nc3 Bg7 4.e4 d6 5.d4 O-O 6.Be2 e5 7.dxe5 dxe5 8.Qxd8 Rxd8
9.Nd5 Na6 10.Bg5 Rd6 11.Bxf6 Bxf6 12.Nxf6+ Rxf6 13.Rd1 Bg4  1/2-1/2

[Event "III Open"]
[Site "Palma de Mallorca ESP"]
[Date "2008.12.13"]
[Round "8"]
[White "Asis Gargatagli,H"]
[Black "Mikkelsen,N"]
[Result "1-0"]
[WhiteElo "2408"]
[BlackElo "2441"]

1.d4 g6 2.c4 Bg7 3.e4 d6 4.Nc3 Nf6 5.Nf3 O-O 6.Be2 e5 7.Be3 Nc6 8.d5 Ne7
9.Nd2 Bd7 10.c5 Ne8 11.Qb3 dxc5 12.Qxb7 Nd6 13.Qa6 f5 14.f3 fxe4 15.fxe4 Qb8
16.Qa3 a6 17.Bxc5 Bb5 18.Nxb5 axb5 19.Qh3 Rf6 20.Nf3 Qc8 21.Qxc8+ Nexc8 22.Bd3 Ra4
23.b3 Nxe4 24.bxa4 Nxc5 25.Bxb5 e4 26.Rc1 Bf8 27.Nd4 Nb6 28.Rf1 Nxd5 29.Rxf6 Nxf6
30.a5  1-0

[Event "III Open"]
[Site "Palma de Mallorca ESP"]
[Date "2008.12.14"]
[Round "9"]
[White "Savchenko,S"]
[Black "Djuric,S"]
[Result "1/2-1/2"]
[WhiteElo "2565"]
[BlackElo "2463"]

1.d4 Nf6 2.c4 g6 3.Nc3 Bg7 4.e4 O-O 5.Nf3 d6 6.Be2 e5 7.O-O Nbd7 8.Qc2 Qe7
9.Rd1 c6 10.d5 a5 11.Bg5 Nc5 12.Nd2 Bd7 13.Nb3 Nxb3 14.Qxb3 c5  1/2-1/2

[Event "III Open"]
[Site "Palma de Mallorca ESP"]
[Date "2008.12.14"]
[Round "9"]
[White "Estremera Panos,S"]
[Black "Saravanan,V1"]
[Result "0-1"]
[WhiteElo "2374"]
[BlackElo "2417"]

1.d4 Nf6 2.c4 g6 3.Nc3 Bg7 4.e4 d6 5.Nf3 O-O 6.Be2 e5 7.d5 a5 8.Bg5 Na6 9.Nd2 Bd7
10.a3 Qe8 11.b3 Kh8 12.O-O Ng8 13.Rb1 f5 14.f3 Bh6 15.Bxh6 Nxh6 16.b4 axb4
17.axb4 Qe7 18.c5 dxc5 19.b5 Nb4 20.Nc4 Nf7 21.b6 cxb6 22.d6 Qg5 23.f4 exf4
24.Rxb4 Bc6 25.Rxb6 fxe4 26.Rxc6 f3 27.Bxf3 exf3 28.Qxf3 bxc6 29.Ne4 Qd5
30.Qf6+ Kg8 31.Qh4 Qd4+ 32.Kh1 Nxd6  0-1

[Event "Helio da Motta Filho Cup"]
[Site "Rio de Janeiro BRA"]
[Date "2008.12.14"]
[Round "9"]
[White "Cramling,D"]
[Black "Chauca,J"]
[Result "1-0"]
[WhiteElo "2399"]
[BlackElo "2185"]

1.d4 Nf6 2.c4 g6 3.Nc3 Bg7 4.e4 d6 5.Be2 O-O 6.Nf3 Nbd7 7.O-O e5 8.Re1 c6
9.Bf1 Re8 10.d5 c5 11.a3 a5 12.Bd2 Nb8 13.Nb5 Na6 14.b4 axb4 15.axb4 b6 16.bxc5 bxc5
17.Bd3 Qe7 18.Ra5 Bb7 19.Qb3 Reb8 20.Rb1 Ne8 21.Rba1 h6 22.Bc3 f5 23.exf5 e4
24.f6 Bxf6 25.Re1 Bxc3 26.Qxc3 Nf6 27.Nd2 Nb4 28.Rxa8 Rxa8 29.Nxe4 Nxe4 30.Rxe4 Qf8
31.Bb1 Bc8 32.Nc7 Bf5 33.Nxa8 Bxe4 34.Bxe4 Qxa8 35.Bxg6 Qa4 36.Qe1 Kg7 37.Bf5 Qa7  1-0

[Event "15th Croatian Open A"]
[Site "Zadar CRO"]
[Date "2008.12.14"]
[Round "1"]
[White "Tratar,M"]
[Black "Plenkovic,Z"]
[Result "1-0"]
[WhiteElo "2507"]
[BlackElo "2339"]

1.Nf3 Nf6 2.c4 g6 3.Nc3 Bg7 4.e4 d6 5.d4 O-O 6.Be2 e5 7.d5 Na6 8.Nd2 Ne8
9.O-O Bh6 10.Nb3 Bxc1 11.Qxc1 g5 12.Qe3 b6 13.a3 Ng7 14.g4 Qf6 15.f3 h5 16.h3 Nb8
17.Nd2 c5 18.Bd1 h4 19.b4 Rd8 20.Rb1 Qe7 21.Rb2 Nd7 22.Ba4 Nf8 23.bxc5 dxc5
24.Bc6 Rb8 25.a4 Ng6 26.a5 Nf4 27.Kh2 Nge6 28.dxe6 Rd3 29.Nd5 Rxe3 30.Nxe7+ Kf8
31.Nd5 Re2+ 32.Kh1 fxe6 33.Nxf4 exf4 34.Rfb1 Ke7 35.e5  1-0

[Event "Masters"]
[Site "Berkeley USA"]
[Date "2008.12.15"]
[Round "2"]
[White "Bhat,V"]
[Black "Naroditsky,D"]
[Result "1/2-1/2"]
[WhiteElo "2498"]
[BlackElo "2382"]

1.d4 Nf6 2.c4 g6 3.Nc3 Bg7 4.e4 d6 5.Nf3 O-O 6.Be2 e5 7.O-O Na6 8.Be3 Ng4
9.Bg5 Qe8 10.Re1 h6 11.Bh4 Nf6 12.Nd5 Nxd5 13.cxd5 exd4 14.Bxa6 bxa6 15.Nxd4 Qe5
16.Nc6 Qxb2 17.Rb1 Qxa2 18.Re2 Qa3 19.Re3 Qa2  1/2-1/2

[Event "XVIII Magistral"]
[Site "Elgoibar ESP"]
[Date "2008.12.15"]
[Round "5"]
[White "Larino Nieto,D"]
[Black "Pena Gomez,M"]
[Result "0-1"]
[WhiteElo "2469"]
[BlackElo "2467"]

1.d4 Nf6 2.c4 g6 3.Nc3 Bg7 4.Nf3 O-O 5.e4 d6 6.Be2 e5 7.dxe5 dxe5 8.Qxd8 Rxd8
9.Bg5 Re8 10.Nd5 Nxd5 11.cxd5 c6 12.Bc4 cxd5 13.Bxd5 Na6 14.O-O-O Nc7 15.Bb3 Be6
16.Bxe6 Nxe6 17.Be3 b6 18.Rd7 f5 19.Ng5 Nf8 20.Rb7 h6 21.Nf7 f4 22.Bd2 Ne6
23.b4 Rec8+ 24.Kb2 Rc7 25.Rxc7 Nxc7 26.Rc1 Ne8 27.Nxh6+ Bxh6 28.Rc6 Kf7 29.Kc1  0-1

[Event "75th ch-BRA"]
[Site "Porto Alegre BRA"]
[Date "2008.12.15"]
[Round "10"]
[White "Milos,G"]
[Black "Diamant,A"]
[Result "0-1"]
[WhiteElo "2593"]
[BlackElo "2412"]

1.d4 Nf6 2.c4 g6 3.Nc3 Bg7 4.Nf3 O-O 5.e4 d6 6.Be2 e5 7.O-O exd4 8.Nxd4 Re8
9.f3 Nc6 10.Nxc6 bxc6 11.Bg5 h6 12.Bh4 g5 13.Bf2 c5 14.Qc2 Rb8 15.Rfd1 Qe7
16.Rab1 Be6 17.a3 a5 18.Nb5 Nh5 19.g3 g4 20.f4 Bf5 21.exf5 Qxe2 22.Qxe2 Rxe2
23.b3 Nf6 24.Re1 Ra2 25.Nxc7 a4 26.Nb5 d5 27.Bxc5 axb3 28.Bd6 Rb6 29.Rxb3 Ne4
30.Rxe4 dxe4 31.c5 Ra6 32.Be5 Bf8 33.Nd6 f6 34.Nxe4 fxe5 35.fxe5 R6xa3 36.Rb7 Ra7
37.Nf6+ Kh8 38.Rb8 Ra8 39.Rxa8 Rxa8 40.Nxg4 Bxc5+ 41.Kg2 h5 42.Nf6 Bd4 43.Nxh5 Bxe5
44.Kf3 Ra4 45.h4 Kh7 46.g4 Kh6  0-1

[Event "CCF Christmas Int"]
[Site "Coulsdon ENG"]
[Date "2008.12.16"]
[Round "2"]
[White "Allicock,R"]
[Black "Zhou,Y"]
[Result "0-1"]
[WhiteElo "2300"]
[BlackElo "2276"]

1.d4 Nf6 2.c4 g6 3.Nc3 Bg7 4.e4 d6 5.Nf3 O-O 6.Be2 e5 7.Be3 h6 8.O-O Ng4
9.Bc1 Nc6 10.d5 Ne7 11.Ne1 f5 12.Nd3 Nf6 13.f3 c5 14.a3 f4 15.b4 b6 16.Bd2 g5
17.bxc5 bxc5 18.Rb1 h5 19.Nf2 Rf7 20.Nb5 Bf8 21.Qe1 Ng6 22.Ba5 Qe8 23.Nc7 Rxc7
24.Bxc7 g4 25.Qa5 g3 26.Nd3 Bd7 27.Qa6 Qe7 28.Bb8 Nh7 29.h3 Bxh3 30.gxh3 Qd7
31.Nf2 Ng5 32.Ng4 hxg4 33.Qb7 Qxb7 34.Rxb7 gxh3 35.Rfb1 h2+ 36.Kh1 Nh3  0-1

[Event "Masters"]
[Site "Berkeley USA"]
[Date "2008.12.17"]
[Round "4"]
[White "Kraai,J"]
[Black "Zenyuk,I"]
[Result "1/2-1/2"]
[WhiteElo "2502"]
[BlackElo "2237"]

1.Nf3 Nf6 2.c4 g6 3.Nc3 Bg7 4.e4 d6 5.d4 O-O 6.Be2 e5 7.Be3 Ng4 8.Bg5 f6
9.Bh4 g5 10.Bg3 Nh6 11.dxe5 fxe5 12.h4 g4 13.Ng5 Nc6 14.c5 Nd4 15.cxd6 cxd6
16.O-O Bf6 17.Nb5 Nxb5 18.Bxb5 Kg7 19.Rc1 Bxg5 20.hxg5 Nf7 21.Qb3 Nxg5 22.Rfd1 Be6
23.Bc4 Bxc4 24.Rxc4 Nf7 25.Qxb7 Kg8 26.Rc7 Qf6 27.Qa6 h5 28.Rxf7 Qxf7 29.Rxd6 Rae8
30.Bh4 Qf4 31.Rd7 Qc1+ 32.Kh2 Qf4+ 33.Bg3 Qxe4 34.Qxa7 Qf5 35.Rg7+ Kh8 36.Rc7 Kg8
37.b4 Rf7 38.b5 Rxc7 39.Qxc7 Qf6 40.Qd7 Rd8 41.Qc7 Re8 42.Kg1 h4 43.Qd7 Kf8
44.Bh2 g3 45.fxg3 Rd8 46.Qg4 e4 47.gxh4 Qa1+ 48.Kf2 Qxa2+ 49.Kg3 Qa3+ 50.Kf4 Qd6+
51.Kg5 Qxh2 52.Qf5+  1/2-1/2

[Event "15th Croatian Open A"]
[Site "Zadar CRO"]
[Date "2008.12.18"]
[Round "7"]
[White "Tratar,M"]
[Black "Kozul,Z"]
[Result "0-1"]
[WhiteElo "2507"]
[BlackElo "2593"]

1.Nf3 Nf6 2.c4 g6 3.Nc3 Bg7 4.e4 d6 5.d4 O-O 6.Be2 Nbd7 7.O-O e5 8.Be3 c6
9.d5 c5 10.Ne1 Kh8 11.Qd2 Ng8 12.g3 Ndf6 13.f3 Bh3 14.Ng2 Nd7 15.Nd1 f5 16.exf5 gxf5
17.Nf2 Bxg2 18.Kxg2 a6 19.Nh3 h6 20.a4 Ndf6 21.a5 Qd7 22.Rab1 b5 23.axb6 a5
24.Ra1 a4 25.Rfb1 f4 26.gxf4 e4 27.b4 cxb4 28.Qxb4 Ne7 29.b7 Rab8 30.Qxa4 Qf5
31.Qb3 Ng6 32.Bf2 Nh5 33.Ra8 Rxa8 34.bxa8=Q Rxa8 35.fxe4 Qxe4+ 36.Bf3 Nhxf4+
37.Nxf4 Qxf4 38.Kh1 Ne5 39.Kg2 Rf8  0-1

[Event "15th Croatian Open A"]
[Site "Zadar CRO"]
[Date "2008.12.19"]
[Round "8"]
[White "Slamar,V"]
[Black "Truta,S"]
[Result "1/2-1/2"]
[WhiteElo "2242"]
[BlackElo "2200"]

1.Nf3 Nf6 2.d4 g6 3.c4 Bg7 4.Nc3 O-O 5.e4 d6 6.Be2 e5 7.O-O exd4 8.Nxd4 Re8
9.f3 c6 10.Nc2 Be6 11.Ne3 a5 12.Kh1 Na6 13.Rb1 Nc7 14.f4 d5 15.f5 d4 16.fxe6 Nxe6
17.Ned5 dxc3 18.Nxf6+ Bxf6 19.bxc3 Nc5 20.Qc2 Be5 21.g3 Qc7 22.Be3  1/2-1/2

[Event "15th Croatian Open A"]
[Site "Zadar CRO"]
[Date "2008.12.19"]
[Round "8"]
[White "Kozul,Z"]
[Black "Martinovic,Sa"]
[Result "1-0"]
[WhiteElo "2593"]
[BlackElo "2416"]

1.d4 Nf6 2.Nf3 g6 3.c4 Bg7 4.Nc3 O-O 5.e4 d6 6.Be2 e5 7.O-O exd4 8.Nxd4 Re8
9.f3 Nc6 10.Be3 Nh5 11.Qd2 Nf4 12.Rfd1 Nxd4 13.Bxd4 Bxd4+ 14.Qxd4 Nxe2+ 15.Nxe2 b6
16.Rac1 Bb7 17.Nc3 Qg5 18.Qd2 Qh5 19.Nd5 Bxd5 20.cxd5 Re7 21.Qf4 f5 22.exf5 gxf5
23.Re1 Rae8 24.Re6 Qf7 25.Qg5+ Kh8 26.Rxe7 Qxe7 27.Qxe7 Rxe7 28.Kf2 Kg7 29.Rc2 Kf6
30.Kg3 a5 31.Kf4 h5 32.g3 Re5 33.Rxc7 Rxd5 34.Rc6 b5 35.Rb6 Rd4+ 36.Ke3 Rd5
37.a3 a4 38.h4 Kg6 39.Rb8 Kf6 40.Rh8 Kg6 41.Rg8+ Kf6 42.Rg5 b4 43.axb4 Rb5
44.g4 hxg4 45.fxg4 f4+ 46.Kf3 Rxb4 47.Rf5+ Ke6 48.Ra5 d5 49.Ra8 Rxb2 50.h5 a3
51.Kxf4 a2 52.Ra6+ Kf7 53.g5 Rf2+ 54.Ke5 Re2+ 55.Kxd5 Rh2 56.Ra7+ Kg8 57.Ke6 Rxh5
58.Kf6  1-0